000 00300nam a2200121Ia 4500
008 190216s9999||||xx |||||||||||||| ||und||
100 _aArthur Quiller-Couch
245 4 _aThe Merry Wives Of Windsor
260 _bCambridge Uty Press
_c1969
300 _a149p
650 _aEnglish Drama
942 _cBK
999 _c12441
_d12441